书目信息 |
| 题名: |
目标热特征控制技术
|
|
| 作者: | 路远 , 杨星 , 吕相银 , 冯云松 著 | |
| 分册: | ||
| 出版信息: | 北京 国防工业出版社 2022.03 |
|
| 页数: | 20, 159页 | |
| 开本: | 24cm | |
| 丛书名: | 现代电子战技术丛书 | |
| 单 册: | ||
| 中图分类: | TK124 | |
| 科图分类: | ||
| 主题词: | 热控制--re kong zhi | |
| 电子资源: | ||
| ISBN: | 978-7-118-12484-2 | |
| 000 | 01427nam 2200325 450 | |
| 001 | 26287 | |
| 005 | 20220920085535.68 | |
| 010 | @a978-7-118-12484-2@dCNY98.00 | |
| 100 | @a20220421d2022 em y0chiy50 ea | |
| 101 | 0 | @achi@eeng |
| 102 | @aCN@b110000 | |
| 105 | @aa z 000yy | |
| 200 | 1 | @a目标热特征控制技术@Amu biao re te zheng kong zhi ji shu@d= Target thermal characteristics control technology@f路远 ... [等] 著@zeng |
| 210 | @a北京@c国防工业出版社@d2022.03 | |
| 215 | @a20, 159页@c图@d24cm | |
| 225 | 2 | @a现代电子战技术丛书@Axian dai dian zi zhan ji shu cong shu |
| 300 | @a“十三五”国家重点出版物出版规划项目 | |
| 304 | @a题名页题其余责任者: 杨星, 吕相银, 冯云松 | |
| 320 | @a有书目 | |
| 330 | @a本书分五个部分进行了系统全面的讨论。第一部分全面分析了目标红外辐射产生、传输和接收的基本原理和规律 ; 第二部分阐述了热特征控制的原理、方法和系统构成 ; 第三部分讨论热特征控制变温器件的设计及试验分析 ; 第四部分讨论控制系统的工作原理、系统设计和模块构成 ; 第五部分讨论目标热控制系统在各种条件下的试验结果和数据分析。 | |
| 410 | 0 | @12001 @a现代电子战技术丛书 |
| 510 | 1 | @aTarget thermal characteristics control technology@zeng |
| 606 | 0 | @a热控制@Are kong zhi |
| 690 | @aTK124@v5 | |
| 701 | 0 | @a路远@Alu yuan@4著 |
| 701 | 0 | @a杨星@Ayang xing@4著 |
| 701 | 0 | @a吕相银@Alu^ xiang yin@4著 |
| 701 | 0 | @a冯云松@Afeng yun song@4著 |
| 801 | 0 | @aCN@c20220910 |
| 905 | @a河南城建学院图书馆@dTK124@eL880@f2 | |
| 目标热特征控制技术= Target thermal characteristics control technology/路远 ... [等] 著.-北京:国防工业出版社,2022.03 |
| 20, 159页:图;24cm.-(现代电子战技术丛书) |
| “十三五”国家重点出版物出版规划项目 |
| ISBN 978-7-118-12484-2:CNY98.00 |
| 本书分五个部分进行了系统全面的讨论。第一部分全面分析了目标红外辐射产生、传输和接收的基本原理和规律 ; 第二部分阐述了热特征控制的原理、方法和系统构成 ; 第三部分讨论热特征控制变温器件的设计及试验分析 ; 第四部分讨论控制系统的工作原理、系统设计和模块构成 ; 第五部分讨论目标热控制系统在各种条件下的试验结果和数据分析。 |
| ● |
| 相关链接 |
|
|
|
正题名:目标热特征控制技术
索取号:TK124/L880
 
预约/预借
| 序号 | 登录号 | 条形码 | 馆藏地/架位号 | 状态 | 备注 |
| 1 | 1577235 | 215772359 | 自科库501/501自科库 136排2列2层/ [索取号:TK124/L880] | 在馆 | |
| 2 | 1577236 | 215772368 | 自科库501/501自科库 136排2列2层/ [索取号:TK124/L880] | 在馆 |